បុរសតម្ពែកទាំង៤នាក់ : (Record no. 8083)

MARC details
000 -LEADER
fixed length control field 02829nam a22003137a 4500
001 - CONTROL NUMBER
control field 8083
003 - CONTROL NUMBER IDENTIFIER
control field FISKH
005 - DATE AND TIME OF LATEST TRANSACTION
control field 20251205152855.0
008 - FIXED-LENGTH DATA ELEMENTS--GENERAL INFORMATION
fixed length control field 250821b cb ||||| |||| 00| 0 eng d
020 ## - INTERNATIONAL STANDARD BOOK NUMBER
International Standard Book Number 9789996335099
040 ## - CATALOGING SOURCE
Original cataloging agency FISKH
Language of cataloging khr
Transcribing agency FISKH
Modifying agency FISKH
050 ## - LIBRARY OF CONGRESS CALL NUMBER
Classification number PZ7
082 ## - DEWEY DECIMAL CLASSIFICATION NUMBER
Classification number 398.2
100 ## - MAIN ENTRY--PERSONAL NAME
Personal name Samnang, Mao
245 ## - TITLE STATEMENT
Title បុរសតម្ពែកទាំង៤នាក់ :
Remainder of title The four bald men /
Statement of responsibility, etc. អ្នកស្រី ម៉ៅ សំណាង , អត្ថបទជាភាសាអង់គ្លេស លោក ឈឺម ច័ន្ទបូរ៉ា
250 ## - EDITION STATEMENT
Edition statement បោះពុម្ពលើកទី១​
260 ## - PUBLICATION, DISTRIBUTION, ETC.
Place of publication, distribution, etc. ភ្នំពេញ :
Name of publisher, distributor, etc. រោងពុម្ព បន្ទាយស្រី ,
Date of publication, distribution, etc. 2018 .
300 ## - PHYSICAL DESCRIPTION
Extent 15 pages :
Other physical details color illustrations ;
Dimensions 30 cm .
505 ## - FORMATTED CONTENTS NOTE
Formatted contents note K <br/>
520 ## - SUMMARY, ETC.
Summary, etc. មានបុរសទំពែកបួននាក់បបួលគ្នាទៅរកគ្រូពូកែអោយមកព្យាបាលពួកគេក្រែងបានដុះសក់ដូចគេឯង។​ ពួកគេបានជួបមហាឥសី គាត់ក៏បានអោយបុរសទាំង៤ចុះងូតទឺកក្នុងត្រពាំងស័ក្តិសិទ្ធិម្តង នឺងបានដុះសក់ហើយ ។​ តែដោយអំណាចចិត្តលោភពួកគេបានមុជច្រើនដង ធ្វើអោយពួកគេអស់សក់ពីក្បាល។ ក្រោយមកពួកគេធ្វើដំណើរទៅដល់ភូមិមួយ ក៏នឺកចង់ដណ្តឺងស្រ្តីម្នាក់ធ្វើជាប្រពន្ធទាំង៤នាក់តែម្តង។​ ចុងក្រោយពួកគេក៏បានស្លាប់ដោយភាពឆោតល្ងង់។​
520 ## - SUMMARY, ETC.
Summary, etc. There were four bald men who encouraged each other to go seek help from a powerful sage to cure their baldness so they could grow hair like others. They eventually met a great hermit, and he instructed them to bathe once in a sacred pond. After doing so, their hair grew back.<br/><br/>However, due to their greed, they each bathed multiple times, hoping for more blessings. As a result, they lost all their hair again.<br/><br/>Later, they traveled to a village where they all wanted to marry the same woman at once. In the end, they died because of their foolishness and ignorance.
521 8# - TARGET AUDIENCE NOTE
Target audience note 510 <br/>
Source Lexile estimate <br/>
521 8# - TARGET AUDIENCE NOTE
Target audience note K <br/>
Source Raz-Plus <br/>
650 ## - SUBJECT ADDED ENTRY--TOPICAL TERM
Topical term or geographic name entry element បុរសទំពែក
Form subdivision រឿងនិទានកុមារ
650 ## - SUBJECT ADDED ENTRY--TOPICAL TERM
Topical term or geographic name entry element Bald men
Form subdivision Children's stories
700 ## - ADDED ENTRY--PERSONAL NAME
Personal name Nhean, Nhem
Relator term Illustrator
942 ## - ADDED ENTRY ELEMENTS (KOHA)
Source of classification or shelving scheme Dewey Decimal Classification
Koha item type Khmer Books
Suppress in OPAC No
Holdings
Withdrawn status Lost status Source of classification or shelving scheme Damaged status Not for loan Collection Home library Current library Shelving location Date acquired Total Checkouts Full call number Barcode Date last seen Copy number Price effective from Koha item type Date last checked out
    Dewey Decimal Classification     Khmer-English Bilingual / ភាសាខ្មែរ-អង់គ្លេស Footprints International School Library Network Toul Tom Poung Campus Footprints International School Library Network Toul Tom Poung Campus TTP Primary Khmer Bookshelves 08/21/2025   SAM PZ7 398.2 2025-4198 08/21/2025 1 08/21/2025 Khmer Books  
    Dewey Decimal Classification     Khmer-English Bilingual / ភាសាខ្មែរ-អង់គ្លេស Footprints International School Library Network Toul Tom Poung Campus Footprints International School Library Network Toul Tom Poung Campus TTP Primary Khmer Bookshelves 08/21/2025   SAM PZ7 398.2 2025-4199 08/21/2025 2 08/21/2025 Khmer Books  
    Dewey Decimal Classification     Khmer-English Bilingual / ភាសាខ្មែរ-អង់គ្លេស Footprints International School Library Network Toul Tom Poung Campus Footprints International School Library Network Toul Tom Poung Campus TTP Primary Khmer Bookshelves 08/21/2025 1 SAM PZ7 398.2 2025-4200 11/14/2025 3 08/21/2025 Khmer Books 10/16/2025
    Dewey Decimal Classification     Khmer-English Bilingual / ភាសាខ្មែរ-អង់គ្លេស Footprints International School Library Network Toul Tom Poung Campus Footprints International School Library Network Toul Tom Poung Campus TTP Primary Khmer Bookshelves 08/22/2025   SAM PZ7 398.2 2025-4203 08/22/2025 4 08/22/2025 Khmer Books